[Event "2024 WA Championship Closed"]
[Site "Woodvale, Perth WA AUS"]
[Date "2024.05.31"]
[Round "1.1"]
[White "Shen,Daniel"]
[Black "Gibson,Jacob"]
[Result "1-0"]
[WhiteElo "2059"]
[BlackElo "1976"]
[EventDate "2024.05.31"]
[WhiteFideId "4302079"]
[BlackFideId "3246426"]
[PlyCount "0"]

1.e4 e5 2.Nf3 Nc6 3.Bc4 Bc5 4.d3 d6 5.c3 Nf6 6.Nbd2 a6 7.Bb3 Ba7 8.h3 h6 9.Nf1
d5 10.exd5 Nxd5 11.Ng3 O-O 12.O-O Re8 13.Re1 Nf6 14.a4 Be6 15.Bc2 Bd5 16.b4 b5
17.Qe2 Qd7 18.Nh4 Qe6 19.Nhf5 Ne7 20.d4 Nxf5 21.Bxf5 Qc6 22.dxe5 Bxg2 23.Qc2 Bf3
24.Bd2 Nd7 25.Bf4 Nb6 26.axb5 axb5 27.Be4 Bxe4 28.Nxe4 Nd5 29.Qd2 Qe6 30.Bxh6
Qxh6 31.Qxd5 Qxh3 32.Qxf7+ Kh8 33.Rxa7 Qg4+ 34.Ng3 Rad8 35.Qh5+ Qxh5 36.Nxh5 Re7
37.Nf4 Kh7 38.Kg2 Kh6 39.Ra6+ Kh7 40.Rh1+ Kg8 41.e6 g5 42.Ng6 Ree8 43.e7 Rc8
44.Rc6 Kg7 45.Kg3 Ra8 46.Rh5 Ra1 47.Rxg5 Kh6 48.Rg4 Rd1 49.Ne5+ Kh5 50.Rh4+ Kg5
51.Nf3+ Kf5 52.Rf4# 1-0

[Event "2024 WA Championship Closed"]
[Site "Woodvale, Perth WA AUS"]
[Date "2024.05.31"]
[Round "1.2"]
[White "O'Mahoney,Keegan"]
[Black "Fu,Yihe (Rebo)"]
[Result "0-1"]
[WhiteElo "2167"]
[BlackElo "2292"]
[EventDate "2024.05.31"]
[WhiteFideId "2506190"]
[BlackFideId "8619638"]
[PlyCount "0"]

1.d4 Nf6 2.Bg5 Ne4 3.h4 d5 4.Nd2 Nxd2 5.Qxd2 h6 6.Bf4 Bf5 7.O-O-O e6 8.f3 Bd6
9.Nh3 c5 10.e4 Bxf4 11.Qxf4 Bh7 12.Bb5+ Nd7 13.Qd6 a6 14.Bxd7+ Qxd7 15.Qxd7+
Kxd7 16.dxc5 Kc6 17.exd5+ exd5 18.Rhe1 Rhe8 19.Rxe8 Rxe8 20.Nf4 g5 21.hxg5 hxg5
22.Nxd5 Re2 23.Nb4+ Kxc5 24.Nd3+ Bxd3 25.Rxd3 Rxg2 26.Rd7 f5 27.Rxb7 Kd4 28.Rb3
Rh2 29.Rd3+ Ke5 30.c4 g4 31.fxg4 fxg4 32.c5 Kf4 33.Rd6 g3 34.Rg6 g2 35.b4 Rh1+
36.Kc2 g1=Q 37.Rxg1 Rxg1 38.Kb3 Ke5 39.Ka4 Kd5 40.Ka5 Rg6 41.a4 Kc4 42.c6 Rxc6
43.b5 axb5 44.axb5 Rc5 0-1

[Event "2024 WA Championship Closed"]
[Site "Woodvale, Perth WA AUS"]
[Date "2024.05.31"]
[Round "1.3"]
[White "Gulley,Trent"]
[Black "Hardegen,Kathryn"]
[Result "1-0"]
[WhiteElo "2015"]
[BlackElo "1990"]
[EventDate "2024.05.31"]
[WhiteFideId "3241670"]
[BlackFideId "3226778"]
[PlyCount "0"]

1.d4 d5 2.c4 Nf6 3.Nf3 e6 4.Nbd2 c5 5.cxd5 exd5 6.g3 Nc6 7.Bg2 Be7 8.dxc5 O-O
9.O-O Bxc5 10.Nb3 Be7 11.Bf4 h6 12.Rc1 Bg4 13.Ne5 Nxe5 14.Bxe5 Re8 15.h3 Bh5
16.g4 Bg6 17.Qd4 Qb6 18.Qxb6 axb6 19.a3 Bd8 20.Bxf6 Bxf6 21.e3 Bxb2 22.Rc7 Be4
23.Rxb7 Rxa3 24.Rxb6 Bd3 25.Rd1 Bc2 26.Rd2 Bxb3 27.Rxb2 Bc4 28.Rd6 Rd3 29.Rb7
Re6 30.Rd8+ Kh7 31.Rbd7 Rd1+ 32.Kh2 Rf6 33.Kg3 Rd2 34.Bf3 g6 35.Rd6 Kg7 36.h4
Rxd6 37.Rxd6 Kg8 38.h5 Kg7 39.hxg6 fxg6 40.Be4 h5 41.Rxg6+ Kf7 42.Bf5 h4+
43.Kxh4 Rxf2 44.Kg5 Re2 45.Rf6+ Kg7 46.Rg6+ Kf7 47.Rf6+ Kg7 48.Re6 Kf7 49.Kf4
Rf2+ 50.Ke5 Rg2 51.Rc6 Kg7 52.e4 Re2 53.Rc7+ Kf8 54.Kf6 Ba6 55.Ra7 1-0

[Event "2024 WA Championship Closed"]
[Site "Woodvale, Perth WA AUS"]
[Date "2024.05.31"]
[Round "1.4"]
[White "Gong,Patrick"]
[Black "Spirin,Victor"]
[Result "1-0"]
[WhiteElo "2560"]
[BlackElo "2204"]
[EventDate "2024.05.31"]
[WhiteFideId "3222500"]
[BlackFideId "54131170"]
[PlyCount "0"]

1.e4 e5 2.Nf3 Nf6 3.Nc3 Nc6 4.Bb5 Bb4 5.O-O O-O 6.d3 Bxc3 7.bxc3 d6 8.Re1 Bg4
9.h3 Bh5 10.Bg5 Qe7 11.g4 Bg6 12.d4 Nd8 13.d5 c6 14.Bd3 Rc8 15.c4 b6 16.Nd2 Nb7
17.Qf3 Nc5 18.Bxf6 Qxf6 19.Qxf6 gxf6 20.a4 Nxd3 21.cxd3 cxd5 22.cxd5 Rc3 23.Re3
h5 24.Nc4 Rd8 25.Kf1 hxg4 26.hxg4 Kg7 27.Ke1 Rc2 28.Re2 Rxe2+ 29.Kxe2 Kh6 30.Kf3
Kg5 31.Kg3 Rc8 32.Nxd6 Rc3 33.Rd1 Ra3 34.Nc4 1-0

[Event "2024 WA Championship Closed"]
[Site "Woodvale, Perth WA AUS"]
[Date "2024.06.01"]
[Round "2.1"]
[White "Gibson,Jacob"]
[Black "Spirin,Victor"]
[Result "0-1"]
[WhiteElo "1976"]
[BlackElo "2204"]
[EventDate "2024.05.31"]
[WhiteFideId "3246426"]
[BlackFideId "54131170"]
[PlyCount "0"]

1.e4 Nf6 2.e5 Nd5 3.d4 d6 4.c4 Nb6 5.exd6 exd6 6.Nc3 Be7 7.Bd3 Nc6 8.Nge2 Bg4
9.f3 Bh5 10.O-O Bg6 11.Bxg6 hxg6 12.b3 d5 13.c5 Nc8 14.Bf4 a6 15.Re1 O-O 16.Rb1
Bf6 17.b4 N8e7 18.b5 Na5 19.Qd3 Qd7 20.Rb4 Rfe8 21.Ra4 Nc4 22.Rb1 a5 23.Nxd5
Nxd5 24.Rxc4 Rxe2 25.Qxe2 Nxf4 26.Qe4 Qd5 27.Qxd5 Nxd5 28.Re1 Kf8 29.Kf2 Nb4
30.Re2 Rd8 31.Rd2 Bg5 32.Re2 Nd3+ 33.Kf1 Nf4 34.Re4 f5 35.Re1 Nd5 36.Kf2 Bf6
37.Rd1 Re8 38.Rd2 Re3 39.Ra4 b6 40.cxb6 cxb6 41.Rc4 Rc3 42.Rc6 Rxc6 43.bxc6 Ke7
44.c7 Nxc7 45.Ke2 Kd6 46.a4 Kd5 47.Rc2 Ne6 48.Rc8 Bxd4 49.g3 Bf6 50.Rb8 Kc5
51.Kd3 Nd4 52.Rc8+ Nc6 53.Rc7 b5 54.axb5 Kxb5 55.Rb7+ Kc5 56.g4 fxg4 57.fxg4
Ne5+ 0-1

[Event "2024 WA Championship Closed"]
[Site "Woodvale, Perth WA AUS"]
[Date "2024.06.01"]
[Round "2.2"]
[White "Hardegen,Kathryn"]
[Black "Gong,Patrick"]
[Result "0-1"]
[WhiteElo "1990"]
[BlackElo "2560"]
[EventDate "2024.05.31"]
[WhiteFideId "3226778"]
[BlackFideId "3222500"]
[PlyCount "0"]

1.e4 c5 2.Nf3 Nc6 3.c3 Nf6 4.e5 Nd5 5.d4 cxd4 6.cxd4 d6 7.Bc4 e6 8.Qe2 Be7 9.a3
O-O 10.O-O Bd7 11.Nc3 Nxc3 12.bxc3 dxe5 13.dxe5 Na5 14.Ba2 Qc7 15.Bf4 Rac8 16.h4
Bc6 17.h5 Bxf3 18.Qxf3 Qxc3 19.Qg4 Kh8 20.Rae1 Qxa3 21.Bb1 Rc4 22.g3 Nc6 23.Re3
Qb2 24.Rfe1 Rc1 25.Bd3 Bc5 26.Rxc1 Qxc1+ 27.Kg2 Bxe3 28.Bxe3 Nxe5 29.Qd4 Qg1+
30.Kxg1 Nf3+ 31.Kg2 Nxd4 32.Bxd4 Rd8 0-1

[Event "2024 WA Championship Closed"]
[Site "Woodvale, Perth WA AUS"]
[Date "2024.06.01"]
[Round "2.3"]
[White "Fu,Yihe (Rebo)"]
[Black "Gulley,Trent"]
[Result "1-0"]
[WhiteElo "2292"]
[BlackElo "2015"]
[EventDate "2024.05.31"]
[WhiteFideId "8619638"]
[BlackFideId "3241670"]
[PlyCount "0"]

1.e4 e5 2.Nf3 Nc6 3.Bb5 a6 4.Ba4 Nf6 5.O-O Nxe4 6.d4 b5 7.Bb3 d5 8.dxe5 Be6 9.c3
Bc5 10.Nbd2 O-O 11.Bc2 Nxf2 12.Rxf2 f6 13.exf6 Qxf6 14.Nf1 Bxf2+ 15.Kxf2 Ne5
16.Be3 c6 17.Bd4 Bg4 18.Bxe5 Qxe5 19.Qd4 Rae8 20.Qxe5 Rxe5 21.Nd2 Bxf3 22.Nxf3
g5 23.Re1 Rxe1 24.Kxe1 Re8+ 25.Kf2 Rf8 26.g4 h5 27.h3 hxg4 28.hxg4 Kg7 29.Bf5
Kf6 30.Nd4 Rh8 31.b4 Rh3 32.Nf3 Rh1 33.Ke3 Ra1 34.Nd4 Rxa2 35.Nxc6 Ra1 36.Bc8
Ra2 37.Kd4 Ra3 38.Na5 Ke7 39.Bxa6 Kd6 40.Bxb5 Ra2 41.Bd3 Rg2 42.Bf5 Rd2+ 43.Ke3
Rb2 44.Nb7+ Ke5 45.Nc5 Rh2 46.Nd3+ Kd6 47.Kd4 Rh8 48.Ne5 Rg8 49.Bg6 Rg7 50.Bf7
Rh7 51.Bxd5 Rh2 52.Be4 Rd2+ 53.Ke3 1-0

[Event "2024 WA Championship Closed"]
[Site "Woodvale, Perth WA AUS"]
[Date "2024.06.01"]
[Round "2.4"]
[White "Shen,Daniel"]
[Black "O'Mahoney,Keegan"]
[Result "1-0"]
[WhiteElo "2059"]
[BlackElo "2167"]
[EventDate "2024.05.31"]
[WhiteFideId "4302079"]
[BlackFideId "2506190"]
[PlyCount "0"]

1.e4 c5 2.Nf3 d6 3.Bb5+ Bd7 4.Bxd7+ Qxd7 5.c4 Nf6 6.Nc3 Nc6 7.d4 cxd4 8.Nxd4 g6
9.f3 Bg7 10.Nde2 O-O 11.O-O Ne8 12.Be3 f5 13.Qd2 Nf6 14.Nf4 fxe4 15.Nxe4 Nxe4
16.fxe4 Kh8 17.h3 Rac8 18.Rad1 Ne5 19.b3 Qc6 20.Nd5 Rxf1+ 21.Rxf1 Re8 22.Bxa7 e6
23.Nb4 Qxe4 24.Qxd6 Qe2 25.a4 Nc6 26.Nxc6 bxc6 27.Qxc6 Rf8 28.Rxf8+ Bxf8 29.Qf3
Qe1+ 30.Qf1 Qb4 31.Qf6+ Bg7 32.Qxe6 h5 33.Qe3 Kh7 34.Bc5 Qa5 35.Bd4 Bf8 36.Qe5
Qxe5 37.Bxe5 Bb4 38.Bd4 Kg8 39.Bb6 Kf7 40.a5 1-0

[Event "2024 WA Championship Closed"]
[Site "Woodvale, Perth WA AUS"]
[Date "2024.06.01"]
[Round "3.1"]
[White "O'Mahoney,Keegan"]
[Black "Gibson,Jacob"]
[Result "1-0"]
[WhiteElo "2167"]
[BlackElo "1976"]
[EventDate "2024.05.31"]
[WhiteFideId "2506190"]
[BlackFideId "3246426"]
[PlyCount "0"]

1.e4 e5 2.Nf3 Nc6 3.Bc4 Bc5 4.O-O Nf6 5.d4 Bxd4 6.Nxd4 Nxd4 7.Bg5 h6 8.Bh4 d6
9.f4 Bg4 10.Bxf6 Bxd1 11.Bxd8 Rxd8 12.Rxd1 Nxc2 13.Nc3 Nxa1 14.Rxa1 exf4 15.Nd5
Kd7 16.Be2 Rde8 17.Bf3 c6 18.Nxf4 Kc7 19.Ne2 Re5 20.Nd4 g6 21.Rc1 a5 22.Kf2 Rhe8
23.h4 Kb6 24.a4 Rc5 25.Rd1 Rc4 26.Ne2 Rb4 27.Rd2 Rxa4 28.Rxd6 Rb4 29.Rd2 Kc5
30.Nc1 Kb6 31.Na2 Rb3 32.Bd1 Rb5 33.Nc3 Rbe5 34.h5 gxh5 35.Rd7 R8e7 36.Rd6 f5
37.Nd5+ Kc5 38.Nxe7 Kxd6 39.Nxf5+ Kc5 40.Ke3 b5 41.Kf4 Re8 42.e5 a4 43.Bxh5 Rg8
44.e6 Rxg2 45.e7 Rg8 46.Nxh6 Ra8 47.Ke3 b4 48.e8=Q Rxe8+ 49.Bxe8 a3 50.bxa3 bxa3
51.Bf7 Kb4 52.Kd2 c5 53.Ba2 c4 54.Ng4 c3+ 55.Kc2 Kc5 56.Kxc3 Kd6 57.Ne3 Ke5
58.Nc2 Ke4 59.Nxa3 Ke5 60.Kd3 Kf4 61.Nc2 Ke5 62.Ke3 Kf5 63.Nd4+ Ke5 64.Bb3 Kf6
65.Kf4 Kg6 66.Nf3 Kf6 67.Ke4 Kg6 68.Ke5 Kg7 69.Kf5 Kh7 70.Kf6 Kh8 71.Bc2 Kg8
72.Ne5 Kh8 73.Nf7+ Kg8 74.Bd3 Kf8 75.Bh7 Ke8 76.Ne5 Kd8 77.Ke6 Kc7 78.Nd7 Kc6
79.Bd3 Kc7 80.Ke7 Kc8 81.Ba6+ Kc7 82.Bb5 Kc8 83.Kd6 Kb7 84.Bc4 Kc8 85.Nc5 Kd8
86.Bb5 Kc8 87.Ne6 Kb7 88.Kc5 Kb8 89.Kb6 Kc8 90.Bc6 Kb8 91.Bd7 Ka8 92.Nc5 Kb8
93.Na6+ Ka8 94.Bc6# 1-0

[Event "2024 WA Championship Closed"]
[Site "Woodvale, Perth WA AUS"]
[Date "2024.06.01"]
[Round "3.2"]
[White "Gulley,Trent"]
[Black "Shen,Daniel"]
[Result "1/2-1/2"]
[WhiteElo "2015"]
[BlackElo "2059"]
[EventDate "2024.05.31"]
[WhiteFideId "3241670"]
[BlackFideId "4302079"]
[PlyCount "0"]

1.e4 e5 2.Nf3 Nc6 3.Bc4 Bc5 4.c3 Nf6 5.d4 exd4 6.b4 Bb6 7.e5 d5 8.exf6 dxc4
9.Qe2+ Be6 10.b5 Nb8 11.fxg7 Rg8 12.Nxd4 Bxd4 13.cxd4 Rxg7 14.Bf4 Rxg2 15.d5
Qxd5 16.Nc3 Qf5 17.Bxc7 Nd7 18.Ne4 Kf8 19.Bd6+ Kg8 20.O-O-O Bd5 21.Rhg1 Qxe4
22.Qxe4 Bxe4 23.Rxg2+ Bxg2 24.Rg1 f6 25.Rxg2+ Kf7 26.Rg4 Rc8 27.Re4 Re8 28.Rxc4
Re2 29.Rc7 Ke6 30.Bg3 Rxa2 31.Rxb7 h5 32.Rc7 Ra4 33.Rc6+ Kf5 34.Rc7 Ne5 35.Bxe5
fxe5 36.Rh7 Kg4 37.Kd2 h4 38.Ke3 Kh3 39.Rh5 Kxh2 40.Rxe5 Rg4 41.Re7 Kg2 42.Rxa7
h3 43.Rh7 h2 44.Rxh2+ Kxh2 45.f4 Kg3 46.Ke4 Rg6 47.Kd5 Kxf4 48.Kc5 Rg8 49.Kc6
Ke5 50.b6 Rg6+ 51.Kc7 Kd5 52.b7 Rg7+ 53.Kb6 1/2-1/2

[Event "2024 WA Championship Closed"]
[Site "Woodvale, Perth WA AUS"]
[Date "2024.06.01"]
[Round "3.3"]
[White "Gong,Patrick"]
[Black "Fu,Yihe (Rebo)"]
[Result "1-0"]
[WhiteElo "2560"]
[BlackElo "2292"]
[EventDate "2024.05.31"]
[WhiteFideId "3222500"]
[BlackFideId "8619638"]
[PlyCount "0"]

1.e4 e5 2.Nf3 Nc6 3.Nc3 Nf6 4.Bb5 d6 5.d4 exd4 6.Nxd4 Bd7 7.Nxc6 bxc6 8.Bd3 Be7
9.O-O O-O 10.f4 Re8 11.Qf3 Bf8 12.Bd2 c5 13.Rae1 Bc6 14.Nd5 Nxd5 15.exd5 Rxe1
16.Bxe1 Bd7 17.Bc3 Qh4 18.g3 Qh6 19.Re1 Re8 20.Rxe8 Bxe8 21.Qg4 f6 22.Bf5 Be7
23.Ba5 Bh5 24.Qh3 Bf7 25.Qxh6 gxh6 26.c4 Bd8 27.Kf2 Bg6 28.Be6+ Kf8 29.f5 Be8
30.Kf3 Bh5+ 31.Ke3 Be8 32.h3 Ke7 33.Ke4 h5 34.Bd2 c6 35.Bh6 cxd5+ 36.Kxd5 Bd7
37.Bxd7 Kxd7 38.Bf8 Bc7 39.b3 a5 40.g4 hxg4 41.hxg4 Bb8 42.Bg7 a4 43.bxa4 Bc7
44.Bxf6 Ba5 45.g5 1-0

[Event "2024 WA Championship Closed"]
[Site "Woodvale, Perth WA AUS"]
[Date "2024.06.01"]
[Round "3.4"]
[White "Spirin,Victor"]
[Black "Hardegen,Kathryn"]
[Result "1-0"]
[WhiteElo "2204"]
[BlackElo "1990"]
[EventDate "2024.05.31"]
[WhiteFideId "54131170"]
[BlackFideId "3226778"]
[PlyCount "0"]

1.d4 d5 2.c4 c6 3.Nf3 Nf6 4.Nc3 dxc4 5.a4 Nd5 6.e4 Nxc3 7.bxc3 b5 8.Ne5 e6 9.Qf3
Qf6 10.Qg3 Bd6 11.f4 Bxe5 12.fxe5 Qg6 13.Qf3 O-O 14.Be2 Nd7 15.h4 f6 16.h5 Qe8
17.Ba3 Rf7 18.O-O Bb7 19.Qg3 a6 20.Bd6 f5 21.exf5 exf5 22.Bf3 Nb6 23.a5 Nd5
24.Rae1 Qe6 25.Bd1 Bc8 26.Qh4 Bd7 27.Rf3 Re8 28.Rg3 Qh6 29.Rf3 Be6 30.Ba3 f4
31.Bc1 g5 32.Qh2 Bg4 33.Bd2 Bxf3 34.Bxf3 Qe6 35.Be4 Ref8 36.h6 Kh8 37.Qh5 Rg8
38.g4 Ne7 39.Re2 Rg6 40.Bxg6 Qxg6 41.Qh2 Qb1+ 42.Re1 Qc2 43.Qg2 Kg8 44.e6 Rf6
45.Re5 Qg6 46.Qe2 Qxh6 47.Bc1 Qh4 48.Qf3 Rh6 49.Re2 Qh3 50.Qxh3 Rxh3 51.Ba3 Rg3+
52.Kf2 Kf8 53.Re5 Rxg4 54.Rf5+ Ke8 55.Rf7 Ng6 56.Rb7 Kd8 57.Bd6 1-0

[Event "2024 WA Championship Closed"]
[Site "Woodvale, Perth WA AUS"]
[Date "2024.06.02"]
[Round "5.1"]
[White "Gulley,Trent"]
[Black "Gibson,Jacob"]
[Result "1/2-1/2"]
[WhiteElo "2015"]
[BlackElo "1976"]
[EventDate "2024.05.31"]
[WhiteFideId "3241670"]
[BlackFideId "3246426"]
[PlyCount "0"]

1.d4 d5 2.c4 e6 3.Nf3 c6 4.Nbd2 Nf6 5.g3 Bb4 6.a3 Bxd2+ 7.Nxd2 dxc4 8.Nxc4 Qd5
9.e4 Qxe4+ 10.Qe2 Qxe2+ 11.Kxe2 O-O 12.Bg2 Rd8 13.Rd1 Nd5 14.Bxd5 exd5 15.Ne3
Re8 16.Kd3 Nd7 17.Bd2 Nf6 18.f3 g6 19.g4 h5 20.g5 Nh7 21.h4 Nf8 22.Re1 Ne6
23.Ng2 Bd7 24.Nf4 Ng7 25.Rxe8+ Rxe8 26.Re1 Bf5+ 27.Kc3 Be6 28.Re5 Nf5 29.Be1 c5
30.dxc5 d4+ 31.Kd2 Ne3 32.Re4 Nc4+ 33.Kd3 Nxb2+ 1/2-1/2

[Event "2024 WA Championship Closed"]
[Site "Woodvale, Perth WA AUS"]
[Date "2024.06.02"]
[Round "5.2"]
[White "Gong,Patrick"]
[Black "O'Mahoney,Keegan"]
[Result "1-0"]
[WhiteElo "2560"]
[BlackElo "2167"]
[EventDate "2024.05.31"]
[WhiteFideId "3222500"]
[BlackFideId "2506190"]
[PlyCount "0"]

1.e4 c5 2.c3 d5 3.exd5 Qxd5 4.Nf3 g6 5.d4 Bg7 6.Na3 cxd4 7.Bc4 Qe4+ 8.Be3 Nh6
9.Nb5 O-O 10.cxd4 Nf5 11.Qb3 e6 12.Nc7 Nc6 13.Bd3 Qg4 14.O-O Ncxd4 15.Nxd4 Nxd4
16.Bxd4 Bxd4 17.Rae1 Qf4 18.Nxa8 Qb8 19.Qc4 Be5 20.Qh4 Bxb2 21.Re3 Bg7 22.Qe7
Qxa8 23.Qc7 e5 24.Bc4 Bf5 25.Bd5 Qc8 26.Rc3 Qxc7 27.Rxc7 Bd3 28.Rfc1 Ba6 29.Rxf7
Rd8 30.Rd7+ 1-0

[Event "2024 WA Championship Closed"]
[Site "Woodvale, Perth WA AUS"]
[Date "2024.06.02"]
[Round "5.3"]
[White "Spirin,Victor"]
[Black "Shen,Daniel"]
[Result "0-1"]
[WhiteElo "2204"]
[BlackElo "2059"]
[EventDate "2024.05.31"]
[WhiteFideId "54131170"]
[BlackFideId "4302079"]
[PlyCount "0"]

1.e4 e5 2.Nf3 Nc6 3.Bb5 a6 4.Ba4 Nf6 5.O-O Be7 6.Re1 b5 7.Bb3 d6 8.c3 O-O 9.h3
Bb7 10.d4 h6 11.Nbd2 Re8 12.a4 Bf8 13.Bc2 exd4 14.cxd4 Nb4 15.Bb1 c5 16.d5 Nd7
17.Nf1 f5 18.exf5 Nf6 19.Ne3 Nbxd5 20.Ba2 c4 21.Nd4 Qd7 22.b3 Nc3 23.Qc2 Nxa2
24.Qxa2 d5 25.Bb2 Ne4 26.Red1 c3 27.Bc1 b4 28.Qe2 Bc5 29.Nec2 Nd6 30.Qg4 Re4
31.Qf3 Rf8 32.g4 h5 33.Be3 hxg4 34.hxg4 g6 35.Qg3 Bxd4 36.Nxd4 Rf7 37.Ne6 gxf5
38.gxf5+ Kh8 39.Nc5 Qxf5 40.Nxe4 Nxe4 41.Bd4+ Kh7 42.Qh2+ Kg6 43.Rd3 Nxf2
44.Rg3+ Ng4 45.Qg2 Bc8 46.Re1 Qf4 47.Be3 Re7 48.Bxf4 Rxe1+ 49.Qf1 Rxf1+ 50.Kxf1
Kf5 51.Bc1 d4 52.Rf3+ Ke4 53.Ke2 a5 54.Rf4+ Ke5 55.Rf8 Be6 56.Ra8 Bxb3
{White's flag fell} 0-1

[Event "2024 WA Championship Closed"]
[Site "Woodvale, Perth WA AUS"]
[Date "2024.06.02"]
[Round "5.4"]
[White "Hardegen,Kathryn"]
[Black "Fu,Yihe (Rebo)"]
[Result "0-1"]
[WhiteElo "1990"]
[BlackElo "2292"]
[EventDate "2024.05.31"]
[WhiteFideId "3226778"]
[BlackFideId "8619638"]
[PlyCount "0"]

1.e4 c5 2.Nf3 e6 3.d4 cxd4 4.Nxd4 Nc6 5.Nxc6 bxc6 6.c4 Nf6 7.Bd3 e5 8.O-O Bc5
9.Nc3 h6 10.Qf3 d6 11.h3 O-O 12.Rd1 Rb8 13.Rb1 Be6 14.Be3 Bxe3 15.Qxe3 Qe7 16.b3
a5 17.Be2 Rfd8 18.Bf3 Qc7 19.Rbc1 Nd7 20.Na4 Nf8 21.Bh5 Bc8 22.Nc3 Ne6 23.Ne2
Nc5 24.Rb1 f5 25.exf5 Bxf5 26.Rb2 Rf8 27.Ng3 Bh7 28.Bg4 Bg6 29.Rbd2 Rf6 30.Bf3
a4 31.bxa4 Ra8 32.Be4 Bf7 33.Bc2 Ra5 34.Bb3 Bg6 35.Qc3 Nxa4 36.Qe3 Nc5 37.Qc3
Ra8 38.Rb2 Qa7 39.Qe3 Qb8 40.Qe2 Qb4 41.h4 Qa3 42.Rbd2 Rd8 43.Qe3 Qb4 44.h5 Bf7
45.Rc1 Rf4 46.Qe2 Ne6 47.Rcd1 Nd4 48.Qd3 c5 49.Rc1 Be6 50.Rdd1 Rdf8 51.f3 Bf5
52.Nxf5 R8xf5 53.Bc2 Qb8 54.Rb1 Qe8 55.Rb6 Qxh5 56.Rxd6 Nxf3+ 57.gxf3 Rg5+
58.Kf2 Qh2+ 59.Ke3 Rxf3+ 60.Kxf3 Qg2+ 61.Ke3 Rg3# 0-1

[Event "2024 WA Championship Closed"]
[Site "Woodvale, Perth WA AUS"]
[Date "2024.06.03"]
[Round "6.1"]
[White "Gibson,Jacob"]
[Black "Fu,Yihe (Rebo)"]
[Result "0-1"]
[WhiteElo "1976"]
[BlackElo "2292"]
[EventDate "2024.05.31"]
[WhiteFideId "3246426"]
[BlackFideId "8619638"]
[PlyCount "0"]

1.e4 c5 2.Nf3 e6 3.d4 cxd4 4.Nxd4 Nc6 5.Nb5 d6 6.c4 a6 7.N5a3 Nf6 8.Nc3 Be7
9.Be2 O-O 10.O-O e5 11.Nc2 Be6 12.Ne3 Ne8 13.Bg4 Bg5 14.Bxe6 fxe6 15.Nc2 Bxc1
16.Rxc1 Rc8 17.Qg4 Qe7 18.b3 Nf6 19.Qh4 Nd4 20.f4 b5 21.fxe5 dxe5 22.Nxd4 exd4
23.e5 dxc3 24.exf6 Rxf6 25.Rxf6 Qxf6 26.Qxf6 gxf6 27.Rxc3 Kf7 28.Kf2 e5 29.g4
Ke6 30.Ke3 a5 31.Kd3 b4 32.Rc2 Rd8+ 33.Ke3 h5 34.h3 hxg4 35.hxg4 Rh8 36.Rg2 Rh3+
37.Ke4 Rc3 38.Rg1 Rc2 39.a3 bxa3 40.Ra1 a2 41.Kd3 Rg2 42.Ke3 Rb2 43.Ke4 Kd6
44.Kf5 Rf2+ 45.Ke4 Kc5 0-1

[Event "2024 WA Championship Closed"]
[Site "Woodvale, Perth WA AUS"]
[Date "2024.06.03"]
[Round "6.2"]
[White "Shen,Daniel"]
[Black "Hardegen,Kathryn"]
[Result "1-0"]
[WhiteElo "2059"]
[BlackElo "1990"]
[EventDate "2024.05.31"]
[WhiteFideId "4302079"]
[BlackFideId "3226778"]
[PlyCount "0"]

1.e4 d6 2.d4 Nd7 3.Nc3 a6 4.a4 Ngf6 5.Be3 e5 6.f4 exf4 7.Bxf4 Be7 8.Nf3 O-O
9.Bd3 c6 10.O-O Qb6 11.a5 Qd8 12.Qd2 b6 13.e5 dxe5 14.dxe5 Nd5 15.Nxd5 cxd5
16.Kh1 b5 17.b4 Nb8 18.Nd4 Be6 19.Rf3 Qd7 20.Bh6 g6 21.Bxf8 Bxf8 22.Raf1 Ra7
23.Rf6 Bg7 24.Qe3 Rc7 25.Nxe6 fxe6 26.Rf7 Qxf7 27.Rxf7 Kxf7 28.Qb6 1-0

[Event "2024 WA Championship Closed"]
[Site "Woodvale, Perth WA AUS"]
[Date "2024.06.03"]
[Round "6.3"]
[White "O'Mahoney,Keegan"]
[Black "Spirin,Victor"]
[Result "0-1"]
[WhiteElo "2167"]
[BlackElo "2204"]
[EventDate "2024.05.31"]
[WhiteFideId "2506190"]
[BlackFideId "54131170"]
[PlyCount "0"]

1.d4 Nf6 2.Bg5 Ne4 3.h4 c5 4.d5 Qb6 5.Nd2 Nxd2 6.Bxd2 e5 7.e4 d6 8.Bc3 Nd7 9.a4
Qc7 10.Nf3 Nf6 11.Nd2 Bd7 12.Bd3 Be7 13.Ra3 h5 14.Qe2 Rh6 15.Bb5 Rg6 16.Kf1 Kf8
17.Bd3 Kg8 18.Nc4 Ng4 19.f3 Nh6 20.f4 exf4 21.e5 Bf5 22.Qxh5 Bg4 23.Bxg6 Bxh5
24.Bxh5 Nf5 25.Rh3 Ng3+ 26.Rxg3 fxg3 27.e6 fxe6 28.dxe6 Rf8+ 29.Bf7+ Rxf7+
30.exf7+ Kxf7 31.Ba5 b6 32.Rf3+ Kg8 33.Bc3 Bxh4 34.Ne3 Qd8 35.Nf5 Bf6 36.Nh6+
Kh7 37.Bxf6 gxf6 38.Nf5 Qd7 39.b3 d5 40.Nxg3 Kg6 41.Ke2 Qg4 42.Ke1 a6 43.Ne2 Kf7
44.Nf4 d4 45.Kf1 Qg5 46.Ke2 b5 47.axb5 axb5 48.Kd3 Qf5+ 49.Kd2 c4 50.bxc4 bxc4
51.Ne2 Qg5+ 52.Nf4 Qa5+ 53.Ke2 Qa2 54.Kd2 d3 55.Nxd3 cxd3 56.Kxd3 Ke6 57.Ke2
Qxc2+ 58.Kf1 f5 59.Rh3 Kf6 60.Kg1 Kg5 61.Rf3 Kg4 62.Rh3 Qe2 63.Kh2 Qe1 64.Rf3
Qd1 65.Rg3+ Kf4 66.Rh3 Ke4 67.Rh4+ Ke3 68.Rh3+ Kf2 69.Rf3+ Qxf3 0-1

[Event "2024 WA Championship Closed"]
[Site "Woodvale, Perth WA AUS"]
[Date "2024.06.03"]
[Round "6.4"]
[White "Gulley,Trent"]
[Black "Gong,Patrick"]
[Result "1/2-1/2"]
[WhiteElo "2015"]
[BlackElo "2560"]
[EventDate "2024.05.31"]
[WhiteFideId "3241670"]
[BlackFideId "3222500"]
[PlyCount "0"]

1.d4 Nf6 2.c4 e6 3.Nf3 d5 4.Nbd2 c5 5.cxd5 exd5 6.g3 c4 7.Bg2 Bb4 8.O-O O-O
9.Qc2 Re8 10.Ne5 Nc6 11.Ndf3 Nxd4 12.Nxd4 Rxe5 13.Bf4 Re8 14.a3 Bc5 15.Rfd1 Bg4
16.h3 Qb6 17.hxg4 Bxd4 18.e3 Bxb2 19.Rab1 c3 20.g5 Ne4 21.Rxd5 Qg6 22.Rxb2 cxb2
23.Qxb2 b6 24.Qd4 Rac8 25.Bf3 Nc3 26.Rd7 Qe6 27.Kg2 Rc4 28.Qd3 Ne4 29.Rxa7 Rf8
30.Bg4 Qxg4 31.Qxc4 Nd2 32.Qd5 Qe2 33.Ra8 Qf1+ 34.Kh2 Qxf2+ 35.Kh3 Qf1+ 36.Kg4
h5+ 37.gxh6 Qe2+ 38.Kh3 Qf1+ 39.Kg4 Qe2+ 40.Kh3 Rxa8 41.Qxa8+ Kh7 42.hxg7 Qh5+
43.Kg2 Qe2+ 44.Kh3 Qh5+ 45.Kg2 Kxg7 46.Qc6 Qe2+ 47.Kh3 Nf3 48.Qd5 Ng1+ 49.Kh4
Nf3+ 50.Kh3 Ng1+ 51.Kh4 Qh2+ 52.Kg5 Qh6+ 53.Kf5 Qh5+ 54.Ke4 Qh1+ 55.Ke5 Qh8 1/2-1/2

[Event "2024 WA Championship Closed"]
[Site "Woodvale, Perth WA AUS"]
[Date "2024.06.03"]
[Round "7.1"]
[White "Gong,Patrick"]
[Black "Gibson,Jacob"]
[Result "1-0"]
[WhiteElo "2560"]
[BlackElo "1976"]
[EventDate "2024.05.31"]
[WhiteFideId "3222500"]
[BlackFideId "3246426"]
[PlyCount "0"]

1.g3 e5 2.Bg2 d5 3.d3 Be6 4.a3 c5 5.c4 Nc6 6.Qa4 dxc4 7.dxc4 Qa5+ 8.Qxa5 Nxa5
9.Nd2 O-O-O 10.Bh3 f5 11.Ngf3 Be7 12.Nxe5 Bf6 13.Nd3 b6 14.Nf4 Bd7 15.Nd5 g6
16.O-O Bc6 17.e4 Bxd5 18.exd5 b5 19.cxb5 Rxd5 20.Rb1 Kc7 21.Bg2 Rd3 22.b4 cxb4
23.axb4 Nb7 24.Nc4 Rc3 25.Bf4+ Kc8 26.Rbc1 Nd8 27.Rxc3 Bxc3 28.Rc1 Bxb4 29.Nb6# 1-0

[Event "2024 WA Championship Closed"]
[Site "Woodvale, Perth WA AUS"]
[Date "2024.06.03"]
[Round "7.2"]
[White "Spirin,Victor"]
[Black "Gulley,Trent"]
[Result "1/2-1/2"]
[WhiteElo "2204"]
[BlackElo "2015"]
[EventDate "2024.05.31"]
[WhiteFideId "54131170"]
[BlackFideId "3241670"]
[PlyCount "0"]

1.e4 e5 2.Nf3 Nc6 3.Bb5 a6 4.Ba4 Nf6 5.O-O Nxe4 6.d4 b5 7.Bb3 d5 8.dxe5 Be6 9.c3
Bc5 10.Qe2 O-O 11.Be3 Qe7 12.h3 Rad8 13.Bxc5 Nxc5 1/2-1/2

[Event "2024 WA Championship Closed"]
[Site "Woodvale, Perth WA AUS"]
[Date "2024.06.03"]
[Round "7.3"]
[White "Hardegen,Kathryn"]
[Black "O'Mahoney,Keegan"]
[Result "1-0"]
[WhiteElo "1990"]
[BlackElo "2167"]
[EventDate "2024.05.31"]
[WhiteFideId "3226778"]
[BlackFideId "2506190"]
[PlyCount "0"]

1.c4 f5 2.d4 e6 3.Nc3 Nf6 4.Bg5 Bb4 5.e3 b6 6.Nf3 Bb7 7.Be2 h6 8.Bxf6 Qxf6 9.Qb3
a5 10.Ne5 O-O 11.O-O d6 12.Bf3 Bxf3 13.Nxf3 Bxc3 14.Qxc3 Nc6 15.Rac1 Rfe8 16.Qb3
Kh8 17.d5 Nd8 18.Qb5 Rf8 19.dxe6 Nxe6 20.b3 Rae8 21.Rcd1 Nc5 22.Qc6 Re7 23.Nd4
f4 24.exf4 Qxf4 25.Nb5 Qf5 26.Nd4 Qg6 27.a3 Nd3 28.g3 Ref7 29.Rd2 Ne5 30.Qd5 Kh7
31.Kg2 Ng4 32.Ne6 Ne3+ 33.fxe3 Rxf1 34.Nxf8+ Rxf8 35.Qd3 Rf5 36.Qd4 Qf7 37.Qe4
Kg8 38.Qa8+ Kh7 39.Qe4 Kg8 40.Qa8+ Qf8 41.Qxf8+ Kxf8 42.e4 Rf6 43.Rd5 Ke7 44.e5
dxe5 45.Rxe5+ Kd6 46.Rd5+ Ke6 47.b4 axb4 48.axb4 Rf8 49.Rd4 Ra8 50.Kf3 Ra4 51.b5
Ra3+ 52.Kf4 Rc3 53.h4 Rc1 54.h5 Kf6 55.g4 Rc3 56.Re4 Rd3 57.Re8 Rd4+ 58.Re4 Rd1
59.Kg3 Rg1+ 60.Kf4 Rc1 61.Kg3 Rc2 62.Kf4 Rc3 63.Rd4 Ke6 64.Ke4 Rc1 65.Kf4 Rg1
66.Rd5 Rf1+ 67.Ke4 Re1+ 68.Kf4 Re2 69.Rd4 Rc2 70.Ke4 Kf6 71.Kd5 Re2 72.Kc6 Re7
73.Rd7 Re4 74.Rxc7 Rxc4+ 75.Kxb6 Rxg4 76.Rc5 Rb4 77.Kc7 g5 78.hxg6 Kxg6 79.b6 h5
80.b7 h4 81.b8=Q Rxb8 82.Kxb8 h3 83.Rc3 1-0